[Event "Chess24 Banter QualD 2020"]
[Site "chess24.com INT"]
[Date "2020.09.12"]
[Round "3.5"]
[Board "1"]
[White "Narayanan, S.L."]
[Black "Keymer, Vincent"]
[Result "0-1"]
[WhiteTitle "GM"]
[BlackTitle "GM"]
[WhiteElo "2618"]
[BlackElo "2568"]
[WhiteFideId "5058422"]
[BlackFideId "12940690"]
[EventDate "2020.09.08"]

1. e4 c6 2. d4 d5 3. e5 Bf5 4. Nd2 e6 5. Nb3 Nd7 6. Nf3 h6 7. Be2 Ne7 8. O-O g5
9. Bd2 Ng6 10. Ne1 Nf4 11. Bxf4 gxf4 12. Bd3 Qg5 13. Nf3 Qh5 14. Bxf5 Qxf5 15.
c4 Nb6 16. Na5 Nxc4 17. Nxc4 dxc4 18. Rc1 Rg8 19. Rxc4 Qg4 20. g3 Qh3 21. d5
fxg3 22. hxg3 exd5 23. Rh4 Qd7 24. e6 fxe6 25. Ne5 Qg7 26. Qh5+ Kd8 27. Rg4 Qh7
28. Rf4 Bd6 29. Rf7 Rg7 30. Qh4+ Ke8 31. Rf6 Bxe5 32. Rxe6+ Re7 33. Qh5+ Qf7 34.
Rxe7+ Kxe7 35. Qxe5+ Kd7 36. b4 Re8 37. Qd4 b6 38. a4 Re4 39. Qc3 Qe7 40. b5 c5
41. a5 d4 42. Qf3 Kc7 43. a6 c4 44. Qf5 Qe6 45. Qh7+ Qe7 46. Qxh6 c3 47. Qc6+
Kb8 48. Kg2 Re6 49. Qf3 Qd7 50. Rh1 Kc7 51. Qb7+ Kd6 52. Qb8+ Qc7 53. Qf8+ Re7
54. Qf6+ Kc5 55. Rh5+ Kc4 56. Qf3 Qd7 57. Rh6 d3 58. Rc6+ Kb3 59. Qd1+ c2 60.
Qd2 Qd5+ 61. Kg1 Qd4 62. Kg2 Re2 63. Qg5 Qxf2+ 64. Kh3 Qf1+ 65. Kg4 Re4+ 66. Kh5
Qf3+ 67. Kh6 Qf8+ 68. Kh5 Qe8+ 69. Kh6 Re6+ 0-1

[Event "Chess24 Banter QualD 2020"]
[Site "chess24.com INT"]
[Date "2020.09.12"]
[Round "3.6"]
[Board "1"]
[White "Keymer, Vincent"]
[Black "Narayanan, S.L."]
[Result "1-0"]
[WhiteTitle "GM"]
[BlackTitle "GM"]
[WhiteElo "2568"]
[BlackElo "2618"]
[WhiteFideId "12940690"]
[BlackFideId "5058422"]
[EventDate "2020.09.08"]

1. d4 Nf6 2. c4 e6 3. Nf3 d5 4. Nc3 Nbd7 5. cxd5 exd5 6. Bg5 Be7 7. e3 h6 8. Bh4
O-O 9. Qc2 c6 10. Bd3 Re8 11. O-O Ne4 12. Bxe7 Qxe7 13. b4 Qxb4 14. Nxe4 dxe4
15. Bxe4 Qe7 16. Bh7+ Kh8 17. Bf5 Nf6 18. Bd3 Be6 19. Rfe1 Rac8 20. e4 Rcd8 21.
h3 Nh5 22. Qd2 g5 23. Bf1 Nf4 24. Qe3 Qf6 25. Kh2 Rg8 26. Rad1 g4 27. Ne5 c5 28.
g3 Nxh3 29. Bxh3 gxh3 30. f4 cxd4 31. Rxd4 Rc8 32. Re2 b6 33. f5 Kh7 34. Qf4 Rc5
35. Nf3 Bxf5 36. Rd6 Qg7 37. exf5 Rc3 38. Re7 Rc2+ 39. Kxh3 Rc4 40. Rxf7 Rxf4
41. Rxg7+ Kxg7 42. gxf4 Rf8 43. Kg4 Rf6 44. Rd7+ Rf7 45. Ne5 Rxd7 46. Nxd7 b5
47. f6+ Kg6 48. f5+ Kf7 49. Kh5 a5 50. Kxh6 b4 51. Kg5 a4 52. Ne5+ Kf8 53. f7 1-0

[Event "Chess24 Banter QualD 2020"]
[Site "chess24.com INT"]
[Date "2020.09.12"]
[Round "3.7"]
[Board "1"]
[White "Narayanan, S.L."]
[Black "Keymer, Vincent"]
[Result "1-0"]
[WhiteTitle "GM"]
[BlackTitle "GM"]
[WhiteElo "2618"]
[BlackElo "2568"]
[WhiteFideId "5058422"]
[BlackFideId "12940690"]
[EventDate "2020.09.08"]

1. e4 c6 2. d4 d5 3. e5 Bf5 4. Nd2 e6 5. Nb3 Nd7 6. Nf3 h6 7. Bd3 Ne7 8. O-O Qc7
9. Re1 g5 10. a4 Bg7 11. a5 a6 12. Bd2 c5 13. Bxf5 Nxf5 14. dxc5 Nxc5 15. Bb4
Nxb3 16. cxb3 Rc8 17. g4 Ne7 18. h3 Ng6 19. Qd2 Bf8 20. Rac1 Qd7 21. Rxc8+ Qxc8
22. Rc1 Qd7 23. Qc3 Bxb4 24. Qxb4 Ne7 25. Nd4 O-O 26. Qd6 Rd8 27. Rc7 Qxd6 28.
exd6 Nc8 29. Rxb7 Nxd6 30. Rb6 e5 31. Nc6 Re8 32. Nxe5 Rxe5 33. Rxd6 Re2 34.
Rxa6 Rxb2 35. Rb6 d4 36. Kf1 d3 37. Ke1 Re2+ 38. Kd1 Rxf2 39. a6 Ra2 40. b4 f5
41. gxf5 h5 42. b5 Kf7 43. Rh6 Ra5 44. a7 g4 45. hxg4 hxg4 46. Ra6 1-0